| 000 | 00000nam 2200000zi 4500 |
| 001 | 9.865984 |
| 003 | CaOODSP |
| 005 | 20221107161932 |
| 006 | m o d f |
| 007 | cr ||||||||||| |
| 008 | 190918t20192019qucb ob f000 0 fre d |
| 020 | |a9780660289786 |
| 040 | |aCaOODSP|bfre|erda|cCaOODSP |
| 043 | |an-cn-bc |
| 086 | 1 |aCW66-586/2019F-PDF |
| 245 | 00|aRéserve nationale de faune Columbia : |bplan de gestion 2018. |
| 264 | 1|aGatineau, Québec : |bEnvironnement et Changement climatique Canada = Environment and Climate Change Canada, |c[2019] |
| 264 | 4|c©2019 |
| 300 | |a1 ressource en ligne (44 pages) : |bcartes en couleur |
| 336 | |aTexte|btxt|2rdacontent/fre |
| 337 | |ainformatique|bc|2rdamedia/fre |
| 338 | |aressource en ligne|bcr|2rdacarrier/fre |
| 500 | |aTitre pris de la couverture. |
| 500 | |aPubl. aussi en anglais sous le titre : Columbia National Wildlife Area : management plan 2018. |
| 504 | |aComprend des références bibliographiques (page 44). |
| 692 | 07|2gccst|aFaune |
| 692 | 07|2gccst|aAire de conservation |
| 692 | 07|2gccst|aGestion de l'environnement |
| 710 | 1 |aCanada. |bEnvironnement et changement climatique Canada. |
| 710 | 2 |aService canadien de la faune. |
| 775 | 08|tColumbia National Wildlife Area : |w(CaOODSP)9.865983 |
| 856 | 40|qPDF|s2.06 Mo|uhttps://publications.gc.ca/collections/collection_2019/eccc/CW66-586-2019-fra.pdf |